AH International Schools' Libraries

Normal view MARC view
  • Minstrels. Middle ages.

Entry Topical Term

Number of records used in: 1

001 - CONTROL NUMBER

  • control field: 87084

003 - CONTROL NUMBER IDENTIFIER

  • control field: OSt

005 - DATE AND TIME OF LATEST TRANSACTION

  • control field: 20260114082026.0

008 - FIXED-LENGTH DATA ELEMENTS

  • fixed length control field: 260114|| aca||aabn | a|a d

040 ## - CATALOGING SOURCE

  • Original cataloging agency: OSt
  • Transcribing agency: OSt

150 ## - HEADING--TOPICAL TERM

  • Topical term or geographic name as entry element: Minstrels. Middle ages.
  • Form subdivision: Fiction.
  • Geographic subdivision: England

670 ## - SOURCE DATA FOUND

  • Source citation: Work cat.: (OSt)50058: Gray, Elizabeth Janet. 75656, Adam of the road / , 1987.

For any Logos Library related questions please contact Miss Art at swongnarasuk@asianhope.org.

For any Asian Hope Library related questions please contact Miss Raza at graza@asianhope.org.

Powered by Koha